00643 a2200169 45000010006000000050017000060080041000230030015000640400040000790800038001192450043001572640075002003000019002755050142002940410008004361000029004445944320260407155848.0260407a1974 arg spa dAR-UNSa-BCEJYS aAR-UNSa-BCEJYSbspacAR-UNSa-BCEJYS a334.726xEmpresas multinacionales10aDependencia y empresas multinacionales 1aBuenos Aires :bEUDEBA (Editorial Universitaria de Buenos Aires)c1974 a181 p.c18 cm. a1. Las empresas multinacionales en los cauces de la dependencia - 2. Los efectos políticos - 3. Swift-Deltec ante la justicia Argentina aspa1 aLozada, Salvador María